| 000 | 00900nam a2200241Ia 4500 | ||
|---|---|---|---|
| 008 | 210303s9999 xx 000 0 und d | ||
| 016 | _2reto2022b | ||
| 040 |
_aNLN _bEnglish |
||
| 050 |
_aB1131 _b.W5 |
||
| 082 | _a192 | ||
| 100 |
_aWILLEY, Basil _d1897 _eaut _941444 |
||
| 245 | 4 |
_aThe Seventeenth Century Background : _bstudies in the Thought of the Age in Relation to Poetry and Religion / _cBasil Willey |
|
| 260 |
_aLondon : _bChatto and Windus, _c1957 |
||
| 300 |
_a315p. _b; 23cm |
||
| 500 | _abibliographical footnotes | ||
| 563 | _a(pbk) | ||
| 650 |
_aEnglish poetry _vEarly modern (to 1700) _xhist. & crit. _941445 |
||
| 650 |
_aReligious thought _v17th century _960067 |
||
| 650 |
_aTheology, Doctrinal _vHistory _xGreat Britain _960068 |
||
| 650 |
_aPhilosophy, Modern _vHistory _960069 |
||
| 650 |
_aEnglish poetry _vEarly modern, 1500-1700 _xHistory and criticism _960070 |
||
| 942 | _cBK | ||
| 999 |
_c20568 _d20568 |
||